| 000 | 00507nam a2200169Ia 4500 | ||
|---|---|---|---|
| 003 | GCL | ||
| 008 | 140319s9999 xx 000 0 ara d | ||
| 040 |
_aGCL / _cGCL |
||
| 082 | 0 | 4 |
_a217.6 _bم ا |
| 100 | 1 | _aمرسى نويشى | |
| 245 | 1 | 0 |
_aالاخوان المسلمون: الطوق والاسورة / _cمرسى نويشى |
| 260 |
_a[S.N] : _bالمركز العربى للاعلام ، _c1991 |
||
| 300 | _a155 ص | ||
| 490 | _a | ||
| 650 | 0 | 4 | _aالاخوان المسلمون |
| 942 |
_2ddc _cBK |
||
| 999 |
_c47032 _d47032 |
||